Některé problémy světové zemědělské politiky v lidově demokratických, kapitalistických a koloniálních zemích

Enregistré dans:
Détails bibliographiques
Format: Livre
Langue:tchèque
Publié: Praha Brázda 1950
Tags: Ajouter un tag
Pas de tags, Soyez le premier à ajouter un tag!

MARC

LEADER 00000nam a2200000 4500
001 0307601
005 20250312100100.8
041 0 |a cze 
044 |a CZ 
245 1 0 |a Některé problémy světové zemědělské politiky v lidově demokratických, kapitalistických a koloniálních zemích 
264 1 |a Praha  |b Brázda  |c 1950